Cơ học lý thuyết
Gespeichert in:
| 1. Verfasser: | |
|---|---|
| Format: | Buch |
| Sprache: | Undetermined |
| Veröffentlicht: |
TP.HCM
Đại học Quốc gia TP.HCM
2007
|
| Schlagworte: | |
| Online Zugang: | http://lrc.tdmu.edu.vn/opac/search/detail.asp?aID=2&ID=4103 |
| Tags: |
Tag hinzufügen
Keine Tags, Fügen Sie den ersten Tag hinzu!
|
| Thư viện lưu trữ: | Trung tâm Học liệu Trường Đại học Thủ Dầu Một |
|---|
| LEADER | 00583nam a2200193Ia 4500 | ||
|---|---|---|---|
| 001 | TDMU_4103 | ||
| 008 | 210410s9999 xx 000 0 und d | ||
| 082 | |a 531.01 | ||
| 090 | |b L46 | ||
| 100 | |a Lê, Quang Toại | ||
| 245 | 0 | |a Cơ học lý thuyết | |
| 245 | 0 | |c Lê Quang Toại | |
| 260 | |a TP.HCM | ||
| 260 | |b Đại học Quốc gia TP.HCM | ||
| 260 | |c 2007 | ||
| 300 | |a 303tr. | ||
| 650 | |a Cơ học |x Lý thuyết | ||
| 856 | |u http://lrc.tdmu.edu.vn/opac/search/detail.asp?aID=2&ID=4103 | ||
| 980 | |a Trung tâm Học liệu Trường Đại học Thủ Dầu Một | ||